| Tag |
First Indicator |
Second Indicator |
Subfields |
| LEADER |
00000cam a2200000 a 4500 |
| 001 |
in00000528608 |
| 005 |
20151013173631.0 |
| 008 |
830121s1982 enk bs 00010 eng d |
| 020 |
|
|
|a 0870054244
|
| 035 |
|
|
|a (OCoLC)09151337
|
| 035 |
|
|
|9 ACH4137AM
|
| 040 |
|
|
|a OUN
|c OUN
|d TXA
|d UtOrBLW
|
| 049 |
|
|
|a TXAM
|c [445119]
|
| 090 |
|
|
|a HD9940.U4
|b F334 1982
|
| 110 |
2 |
|
|a Fairchild Publications.
|b Market Research Division.
|
| 245 |
1 |
0 |
|a Sportswear, casual wear, separates and jeans (Women's, Misses' and Juniors') /
|c prepared by Market Research Division.
|
| 264 |
|
1 |
|a New York :
|b Fairchild Publications,
|c [1982]
|
| 264 |
|
4 |
|c ©1982
|
| 300 |
|
|
|a 44 pages ;
|c 28 cm.
|
| 336 |
|
|
|a text
|b txt
|2 rdacontent
|
| 337 |
|
|
|a unmediated
|b n
|2 rdamedia
|
| 338 |
|
|
|a volume
|b nc
|2 rdacarrier
|
| 490 |
0 |
|
|a Fairchild fact file
|
| 504 |
|
|
|a Includes bibliographical references.
|
| 650 |
|
0 |
|a Clothing trade
|z United States
|x Statistics.
|
| 650 |
|
0 |
|a Women's clothing industry
|z United States
|x Statistics.
|
| 999 |
|
|
|a MARS
|
| 999 |
f |
f |
|s ade03756-9ea9-3469-b661-adecb5cafc4a
|i 5d5f2a15-5d06-3803-b80e-66363d873047
|t 0
|
| 952 |
f |
f |
|p ric
|a Texas A&M University
|b Rellis Campus
|c Joint Library Facility
|d Remote Storage
|t 0
|e HD9940.U4 F334 1982
|h Library of Congress classification
|i unmediated -- volume
|m A14807419338
|
| 998 |
f |
f |
|a HD9940.U4 F334 1982
|t 0
|l Remote Storage
|